Historia de la UASD y de los estudios superiores / (Registro nro. 7360)

Detalles MARC
000 -LIDER
fixed length control field 00890nam a2200265 a 4500
001 - NÚMERO DE CONTROL
Identificador de número de control 000039583
003 - IDENTIFICACDOR DE NÚMERO DE CONTROL
control field DO-SdBNP
005 - DATE AND TIME OF LATEST TRANSACTION
control field 20171024115412.0
007 - CAMPOS FIJOS DE DESCRIPCIÓN FÍSICA
fixed length control field 000039583
008 - ELEMENTOS DE LONGITUD FIJA
fixed length control field 130708s2007 dr ac 000 0 spa d
020 ## - ISBN
International Standard Book Number 9789993462996
040 ## - FUENTE DE CATALOGACIÓN
Agencia que crea de manera original el registro BPMET
Idioma de catalogación spa
Agencia que realiza la transcripción BPMET
092 ## - LOCALLY ASSIGNED DEWEY DECIMAL CALL NUMBER
Número de clasificación xxx
100 1# - ASIENTO PRINCIPAL -- NOMBRE PERSONAL
Nombre personal Franco, Franklin
245 10 - MENCIÓN DE TITULO
Título Historia de la UASD y de los estudios superiores /
Mención de responsabilidad Franklin Franco.
260 ## - PUBLICACIÓN, DISTRIBUCIÓN, ETC. (PIE DE IMPRENTA)
Lugar de publicación, distribución, etc Santo Domingo :
Nombre del editor, distribuidor, etc. Universitaria-UASD,
Fecha de publicación, distribución, etc 2007.
300 ## - DESCRIPCIÓN FÍSICA
Extensión 339 p. :
Otros detalles físicos il., retrs. ;
Dimensiones 24 cm.
490 1# - MENCIÓN DE SERIES
Mención de serie Publicaciones de la Universidad Autónoma de Santo Domingo
Volume/sequential designation 1375
490 1# - MENCIÓN DE SERIES
Mención de serie Literatura y sociedad
Volume/sequential designation 125
830 #0 - ASIENTO SECUNDARIO DE SERIE--TÍTULO UNIFORME
Título uniforme Publicaciones de la Universidad Autónoma de Santo Domingo
Volume number/sequential designation 1375
830 #0 - ASIENTO SECUNDARIO DE SERIE--TÍTULO UNIFORME
Título uniforme Literatura y sociedad
Volume number/sequential designation 125
942 ## - ADDED ENTRY ELEMENTS (KOHA)
Source of classification or shelving scheme Dewey Decimal Classification
Koha item type Libros
945 ## - INFORMACIÓN DE PROCESAMIENTO LOCAL
Información de procesamiento local Título remanejado para BNPHU / 2017 VM
956 ## - LOCAL ELECTRONIC LOCATION AND ACCESS (OCLC)
Nombre de host VMATEO
Número de acceso 10
Información de compresión 20150908
Inicio de sesión BPMSU
Procesador de solicitud 0069
Existencias
Withdrawn status Lost status Source of classification or shelving scheme Damaged status Not for loan Collection code Home library Current library Date acquired Total Checkouts Barcode Date last seen Copy number Price effective from Koha item type
    Dewey Decimal Classification       Biblioteca Pública Metropolitana Salomé Ureña Biblioteca Pública Metropolitana Salomé Ureña 02/05/2015   BPMET15041128 02/05/2015 1 ej. 02/05/2015 Libros
    Dewey Decimal Classification       Biblioteca Pública Metropolitana Salomé Ureña Biblioteca Pública Metropolitana Salomé Ureña 02/05/2015   BPMET15041129 02/05/2015 2 ej. 02/05/2015 Libros